000 01330nam2a22002651 4500
001 v19\rc\1294897
005 20250618015400.0
035 _a(NLR Aleph) 004441704
090 _a4411732
_c4411732
100 _a20060306e18611861|||y0rusy50 ca
101 0 _arus
102 _aRU
105 _ay z |||||
200 0 _a[2]
_eОкончание
210 _d[1861]
_aБ. м.
215 _a31 с.
311 _aИз "Мор. сб." № 7, 1861 г.
461 0 _1001v19\rc\1294895
_12001#$aВычисление сопротивления воды на некоторые суда нашего флота, по формуле г-на Бурачка$e[1-2$f[Н.Н. Огронович]$v[2]$90
_1700#1$aОгранович$bН.Н.$gНиколай Николаевич
_94411711
_aОгранович, Н.Н.
_cСанкт-Петербург]
_d[1861]
_f[Н.Н. Огронович]
_nтип. Мор. м-ва
_o[1-2
_p2 отт.
_tВычисление сопротивления воды на некоторые суда нашего флота, по формуле г-на Бурачка
_v[2]$90
488 0 _12001#$aМорской сборник$v1861, № 7
_tМорской сборник
801 0 _aRU
_bNLR
_gpsbo
801 0 _aRU
_bRuMoRGB
_2psbo
801 1 _aRU
_bProSoft-M
_2rusmarc
852 _aNLR
_j18.109.2.152
942 _cBOOK
980 _aNB